南宁市下辖县级行政区划 Couty-level administrative divisions of Nanning - Statistics

General Stats
  • This quiz has been taken 23 times
  • The average score is 9 of 12
Answers on the Map
Answers color-coded by a green-red scale on the quiz's map according to % correct below.
 
Answer Stats
南宁市 % Correct
市辖区 青秀
90%
市辖区 邕宁
85%
县级市 横州
80%
市辖区 西乡塘
80%
市辖区 江南
75%
市辖区 武鸣
75%
宾阳
65%
市辖区 良庆
65%
马山
60%
上林
60%
市辖区 兴宁
60%
隆安
55%
No matching quizzes found
Score Distribution
Percent of People with Each Score
Percentile by Number Answered
Your Score History
You have not taken this quiz